000 00831nam a2200277 i 4500
001 000011310
003 DO-SdBNP
005 20260120094857.0
007 ta
008 091016s1981 dr 000 0 spa d
040 _aDO-SdBNP
_bspa
_cBNPHU
_erda
041 _aspa
049 _aBNPD
082 4 _axxx
_bS714c
_222
100 1 _aSoriano, Claudio,
_d1938-
_eautor
_4aut.
_926905
245 1 0 _aCambio, please :
_btres cuentos y un relámpago /
_cClaudio Soriano.
264 1 _aSanto Domingo :
_bEditora Taller,
_c1981.
300 _a104 páginas ;
_c20 cm.
336 _atexto
_btxt
_2rdacontent
337 _asin mediación
_bn
_2rdamedia
338 _avolumen
_bnc
_2rdacarrier
490 1 _aAntología de la sangre
_v2
500 _aIncluye datos biográficos del autor
590 _aInventariado, 2025/BT
942 _2ddc
_cLBS1
999 _c11017
_d11017